| 000 | 00367nam a22001451a 4500 | ||
|---|---|---|---|
| 020 | _a9788185287195 | ||
| 082 |
_a158.12 _bGAU P |
||
| 100 | _aGaur B P | ||
| 245 |
_aPersonality and transcendental meditation/ _cby Gaur B P |
||
| 260 |
_aNew Delhi: _bJainsons, _c1994. |
||
| 300 | _a191p. | ||
| 650 | _aTranscendental Meditation | ||
| 650 | _aPsychology | ||
| 942 | _cBK | ||
| 999 |
_c34186 _d34186 |
||